Introduction to differentiable manifolds

Сохранить в:
Библиографические подробности
Главный автор: Lang, Serge
Формат:
Язык:английский
Опубликовано: Nueva York Springer 2010
Редактирование:2a. ed
Серии:Universitext
Предметы:
Метки: Добавить метку
Нет меток, Требуется 1-ая метка записи!

MARC

LEADER 00000cam a2200000 a 4500
001 UCE0893
003 CL-VaPUC
005 20230619163731.0
008 140317e20100000us |||||||||||||||||eng|d
999 |c 354897  |d 354895 
020 |a 9781441930194 
040 |c Pontificia Universidad Católica de Valparaíso 
082 0 4 |a 516.36  |b LAN  |2 21 
100 |a Lang, Serge  |9 719911 
245 1 0 |a Introduction to differentiable manifolds 
250 |a 2a. ed 
260 |a Nueva York  |b Springer  |c 2010 
300 |a 250 p 
490 0 |a Universitext 
583 |a last modification  |c 20140317 10:17:00  |k Rodrigo Vera 
650 0 |a Topología diferencial  |9 423983 
650 0 |a Geometría diferencial   |9 315147 
650 7 |a GEOMETRIA RIEMANNIANA  |2 CL-VaPUC  |9 270151 
942 |c BK  |2 ddc 
945 |d 20140317 10:17:00  |a cmena 
952 |0 0  |1 0  |3 erb  |4 0  |6 516_360000000000000_LAN_2010  |7 0  |8 A  |9 461122  |a BIBMAT  |b BIBMAT  |i 5061687  |o 516.36 LAN 2010  |p 5061687  |r 2025-01-07  |w 2019-11-23  |y BK  |z Catalogado en:20140317  |k MAT